000
00250nam a2200097Ia 4500
001
691270
005
20250826161832.0
008
250824s9999 xx 000 0 und d
245
0
_a
BİRKAÇ DELİ GÜVERCİN
_c
NURULLAH GENÇ
260
_b
TİMAŞ YAYINLARI
999
_c
691270
_d
691270